|
|
|
|
| LEADER |
00000cam a22000004a 4500 |
| 001 |
musev2_9265 |
| 003 |
MdBmJHUP |
| 005 |
20230905041045.0 |
| 006 |
m o d |
| 007 |
cr||||||||nn|n |
| 008 |
050802s2005 utu o 00 0 eng d |
| 010 |
|
|
|z 2005020065
|
| 020 |
|
|
|a 9780874215168
|
| 020 |
|
|
|z 9780874216257
|
| 035 |
|
|
|a (OCoLC)62425178
|
| 040 |
|
|
|a MdBmJHUP
|c MdBmJHUP
|
| 043 |
|
|
|a n-us-ut
|
| 050 |
0 |
4 |
|a HQ1438.U8
|b W66 2005
|
| 082 |
0 |
|
|a 305.4/09792
|2 22
|
| 245 |
0 |
0 |
|a Women In Utah History :
|b Paradigm Or Paradox? /
|c edited by Patricia Lyn Scott and Linda Thatcher ; Susan Allred Whetstone, photograph editor.
|
| 264 |
|
1 |
|a Logan, Utah :
|b Utah State University Press,
|c 2005.
|
| 264 |
|
3 |
|a Baltimore, Md. :
|b Project MUSE,
|c 2012
|
| 264 |
|
4 |
|c ©2005.
|
| 300 |
|
|
|a 1 online resource (456 pages):
|b ill. ;
|
| 336 |
|
|
|a text
|b txt
|2 rdacontent
|
| 337 |
|
|
|a computer
|b c
|2 rdamedia
|
| 338 |
|
|
|a online resource
|b cr
|2 rdacarrier
|
| 500 |
|
|
|a "A project of the Utah Women's History Association cosponsored by the Utah State Historical Society."
|
| 504 |
|
|
|a Includes bibliographical references (p. 416-418) and index.
|
| 505 |
0 |
0 |
|t Polygamous and monogamous Mormon women : a comparison /
|r Jessie L. Embry and Lois Kelley --
|t Innovation and accommodation : the legal status of women in territorial Utah, 1850-1896 /
|r Lisa Madsen Pearson and Carol Cornwall Madsen --
|t Conflict and contributions : women in churches, 1847-1920 /
|r John Sillito --
|t Ethnic women, 1900-1940 /
|r Helen Z. Papanikolas --
|t Professionalization of farm women, 1890-1940 /
|r Cynthia Sturgis --
|t Gainfully employed women, 1896-1950 /
|r Miriam B. Murphy --
|t From schoolmarm to state superintendent : the changing role of women in education, 1847-2004 /
|r Mary R. Clark and Patricia Lyn Scott --
|t Scholarship, service, and sisterhood : women's clubs and associations, 1877-1977 /
|r Jill Mulvay Derr --
|t Women of letters : a unique literary tradition /
|r Gary Topping --
|t Women in the arts : evolving roles and diverse expressions /
|r Martha Sonntag Bradley-Evans --
|t Women in politics : power in the public sphere /
|r Kathryn L. MacKay --
|t Women's life cycles, 1850-1940 /
|r Jessie L. Embry.
|
| 506 |
0 |
|
|a Open Access
|f Unrestricted online access
|2 star
|
| 588 |
|
|
|a Description based on print version record.
|
| 650 |
|
0 |
|a Women
|z Utah
|x Social conditions.
|
| 650 |
|
0 |
|a Women
|z Utah
|x History.
|
| 651 |
|
0 |
|a Utah
|x Social conditions.
|
| 651 |
|
0 |
|a Utah
|x History.
|
| 655 |
|
7 |
|a Electronic books.
|2 local
|
| 700 |
1 |
|
|a Thatcher, Linda,
|d 1946-
|
| 700 |
1 |
|
|a Scott, Patricia Lyn.
|
| 710 |
2 |
|
|a Utah State Historical Society.
|
| 710 |
2 |
|
|a Utah Women's History Association.
|
| 710 |
2 |
|
|a Project Muse.
|e distributor
|
| 830 |
|
0 |
|a Book collections on Project MUSE.
|
| 856 |
4 |
0 |
|z Texto completo
|u https://projectmuse.uam.elogim.com/book/9265/
|
| 945 |
|
|
|a Project MUSE - Archive Complete Foundation
|
| 945 |
|
|
|a Project MUSE - Archive US Regional Studies, West Foundation
|